| 000 | 00990nam a2200301 i 4500 | ||
|---|---|---|---|
| 001 | bg | ||
| 100 | 1 |
_aTomasz z Akwinu _c(św. ; _d1225-1274). |
|
| 245 | 1 | 0 |
_aDzieła wybrane / _cśw. Tomasz z Akwinu ; przeł. Jacek Salij [et al.] ; oprac. i wstępami poprzedził Jacek Salij. |
| 246 | 1 |
_iTyt. oryg.: _aCompendium theologiae |
|
| 250 | _aWyd. 2. | ||
| 260 |
_aKęty : _bWydawnictwo Antyk, _c1999. |
||
| 300 |
_a693, [1] s. ; _c24 cm. |
||
| 490 | 1 | _aBiblioteka Europejska | |
| 500 | _aTyt. oryg.: Compendium theologiae etc. | ||
| 650 | 9 |
_aFilozofia chrześcijańska _y13 w. |
|
| 650 | 9 |
_aTeologia chrześcijańska _y13 w. |
|
| 700 | 1 |
_aSalij, Jacek _d(1942- ). _eTł. |
|
| 830 | 0 | _aBiblioteka Europejska - Antyk | |
| 020 | _a8390804786 | ||
| 040 | _cBPK | ||
| 041 | 1 |
_apol _hlat |
|
| 044 | _aPOL | ||
| 080 | _a27-1+141 | ||
| 920 | _a83-908047-8-6 | ||
| 942 | _cKS | ||
| 008 | s pl f |000 0 pol | ||
| 999 |
_c54949 _d54949 |
||
| 856 |
_uhttp://koha.tu.koszalin.pl/cgi-bin/koha/opac-detail.pl?biblionumber=54949 _yKatalog online BPK |
||